Podkovářství: učební text pro odborná učiliště a učňovské školy učebního oboru 42-72-2 kovář - podkovář

Main Author: Král, Emanuel, 1911-1993
Language: Czech
Published: Praha : Státní zemědělské nakladatelství, 1978
Edition: 1. vyd.
Series: Mechanizace, výstavba a meliorace
Physical Description: 192 s.
Book
Saved in:
LEADER 01080nam a2200277 a 4500
001 000425032
003 CZ BrMZK
005 20111207145411.0
007 ta
008 990307s1978 xr f cze d
015 |a cnb000416864 
035 |a (OCoLC)42185861 
040 |a BOA001  |b cze 
100 1 |a Král, Emanuel,  |d 1911-1993  |7 jk01062751  |4 aut 
245 1 0 |a Podkovářství:  |b učební text pro odborná učiliště a učňovské školy učebního oboru 42-72-2 kovář - podkovář  |c Emanuel Král 
250 |a 1. vyd. 
260 |a Praha :  |b Státní zemědělské nakladatelství,  |c 1978 
300 |a 192 s. 
490 1 |a Mechanizace, výstavba a meliorace 
830 0 |a Mechanizace, výstavba a meliorace 
910 |a BOA001  |b PK-0083.280  |b 2-0790.395 
920 |a 000156763 
964 |a Podkovářství - technologie - učebnice - školy učňovské 
990 |a BK 
996 6 |b 2619951210  |c 2-0790.395  |l MZK  |r Sklad / do 1 hodiny  |n 10  |w 000425032  |u 000020  |a 1  |e BOA001  |j MZK50  |s P 
996 7 |b 3119827261  |c PK-0083.280  |l MZK  |r Sklad / do 1 hodiny  |n 5  |w 000425032  |u 000010  |a 1  |e BOA001  |j MZK50  |s A